00399nam a22000857a 4500008004100000010001300041245016300054260000900217500008700226110711t xxu||||| |||| 00| 0 eng d aCDOCF139 aHigh Court Misc. Application No................. OF 1997(Arising out of Civil Suit No. 683 of 1995) B.A.T. International S.P.A Vs Giancarlo Nasce and another  c1997 a(Chamber Summons) Under 0.10 rr 1,2,12 and Rules 24 of the Civil Procedure Rules.